Procuración de justicia y derechos humanos : memorias VI Foro de Derechos Humanos /
Como continuación de los foros en que el Sistema Universitario Jesuita en México ha reflexionado sobre diversos aspectos de los derechos humanos, en la Universidad Iberoamericana Torreón, en octubre de 2004, se abordó el tema Procuración de justicia y derechos humanos. Anders Kompas inauguró el even...
Guardat en:
| Autor corporatiu: | |
|---|---|
| Altres autors: | , , |
| Format: | Actes de congresos Llibre |
| Idioma: | espanyol |
| Publicat: |
Torreón, México :
Universidad Iberoamericana, Plantel Laguna, Biblioteca San Ignacio de Loyola,
2005, c2005
|
| Matèries: | |
| Etiquetes: |
Sense etiquetes, Sigues el primer a etiquetar aquest registre!
|
MARC
| LEADER | 00000nam^a2200000^a^4500 | ||
|---|---|---|---|
| 001 | 000184725 | ||
| 005 | 20250521000000.0 | ||
| 009 | 20260310102126.732 | ||
| 020 | |a 968-5162-27-1 | ||
| 037 | |a Acervo ITESO - Biblioteca | ||
| 041 | |a ESP | ||
| 082 | |a 323. |b DER 2004 | ||
| 111 | |a Foro de Derechos Humanos del Sistema Universitario Jesuita ( |n 6º : |d 2004 : |c Universidad Iberoamericana Torreón) | ||
| 240 | 1 | 1 | |a [Foro de Derechos Humanos del Sistema Universitario Jesuita] |
| 245 | 1 | 0 | |a Procuración de justicia y derechos humanos : |b memorias VI Foro de Derechos Humanos / |c Foro de Derechos Humanos del Sistema Universitario Jesuita ; comp. de A. Mercado Hernández, C. Solórzano Garibay ; introd. de J.E. Salinas Uribe. |
| 264 | 4 | |a Torreón, México : |b Universidad Iberoamericana, Plantel Laguna, Biblioteca San Ignacio de Loyola, |c 2005, c2005 | |
| 300 | |a 143 p. | ||
| 336 | |a texto |b txt |2 rdacontenido | ||
| 337 | |a sin mediación |b n |2 rdamedio | ||
| 338 | |a volumen |b nc |2 rdasoporte | ||
| 520 | |a Como continuación de los foros en que el Sistema Universitario Jesuita en México ha reflexionado sobre diversos aspectos de los derechos humanos, en la Universidad Iberoamericana Torreón, en octubre de 2004, se abordó el tema Procuración de justicia y derechos humanos. Anders Kompas inauguró el evento con un panorama sobre los derechos humanos en México; Carlos Castresana Fernández da a conocer la relación entre la corrupción y la impunidad, en detrimento de los derechos humanos; María Guadalupe Morfín Otero y Sergio García Ramírez dialogan sobre la reparación del daño; Jean Perlin y Fernando Coronado revisan la reforma penal en México y las implicaciones que tiene para el sistema judicial; Santiago Corcuera Cabezut , Emilio Alvarez Icaza y Miguel Sadot Sánchez Carreño reflexionan sobre la función y el futuro de los organismos públicos de derechos humanos en el país; David Velasco Yáñez aborda el trabajo que la Compañía de Jesús y las instituciones ignacianas realizan a favor de los derechos humanos. | ||
| 649 | |a XX | ||
| 650 | |a Jesuitas en México | ||
| 650 | |a Iglesia y Problemas Sociales | ||
| 650 | |a Iglesia Católica en México | ||
| 650 | |a Organizaciones No Gubernamentales - |z México | ||
| 650 | |a Instituciones Políticas - |z México | ||
| 650 | |a Participación Social | ||
| 650 | |a Violencia - |z México | ||
| 650 | |a Corrupción - |z México | ||
| 650 | |a Impunidad (Derecho) - |z México | ||
| 650 | |a Reparación del Daño - |z México | ||
| 650 | |a Derecho Procesal Penal - |z México | ||
| 650 | |a Justicia e Injusticia - |z México | ||
| 650 | |a Justicia - |x Administración - |z México | ||
| 650 | |a Reforma Jurídica - |z México | ||
| 650 | |a Derechos Humanos - |z México - |x Historia - |y 2000-2006 | ||
| 650 | |a Derechos Humanos - |x Congresos | ||
| 650 | |a Derechos Civiles - |z México | ||
| 650 | |a Derecho Administrativo - |z México | ||
| 650 | |a Derecho Penal - |z México | ||
| 650 | |a Derecho Público - |z México | ||
| 650 | |a Administración Pública - |z México - |x Historia - |y 2000-2006 | ||
| 650 | |a Política - |z México - |x Historia - |y 2000-2006 | ||
| 700 | |a Mercado Hernández, Armando |e (compilación) | ||
| 700 | |a Solórzano Garibay, Cristina |e (compilación) | ||
| 700 | |a Salinas Uribe, José Edgar |e (introducción) | ||
| 910 | |a Fondo General | ||
| 920 | |a Impresos - Libros | ||
| 930 | |a Colección General | ||
| 905 | |a 101 | ||
| 901 | |a 0500125970 |b IT1 |c ACC |u 20250521 | ||
| 902 | |a https://opac.biblio.iteso.mx/vufind/Record/000184725 | ||